Environmentálny akčný program Strednospišskej ohrozenej oblasti

Bibliographic Details
Main Author: Temkovic, Peter (Author)
Format: Article
Language:Slovak
PhysicalDescription:Fotogr., tab.
ISSN:1335-1877
Subjects:

MARC

LEADER 00000nab a2200000 a 4500
001 vtls000672581
003 SK-MaSNL
005 20260304083638.0
008 250425c1998 xo 0 slo
015 |a SNBRB1998/09-25106 
035 |a CLN000024757 
035 |a urn:nbn:sk:snk-ab6jkv 
035 |a (uuid)a1b1c002-1628-4d6b-93dc-8035fc497b43 
035 |a (urnnbn)urn:nbn:sk:snk:ar-004nuf 
035 |a (sysno)vtls000672581 
040 |a SNKBUCL  |b slo  |c SNKBUCL  |e AACR2 
041 0 |a slo 
044 |a xo  |c SK 
080 |a 504.06(437.6)  |2 1997 
100 1 |a Temkovic, Peter  |4 aut  |9 1374704 
245 1 0 |a Environmentálny akčný program Strednospišskej ohrozenej oblasti  |c Peter Temkovic 
300 |b Fotogr., tab. 
650 0 7 |a prostredie životné  |x programy environmentálne  |z Spiš stredný (Slovensko)  |2 snkbucl  |9 1374705 
651 7 |a Strednospišská ohrozená oblasť (Slovensko)  |2 snkbucl  |9 1374706 
655 7 |a články z novín a časopisov  |2 snkbucl  |9 267496 
773 0 |t Enviromagazín  |g Roč. 3, č. 4 (1998), s. 22-23  |x 1335-1877 
850 |a Slovenská národná knižnica 
852 |a Slovenská národná knižnica 
954 |a odborná, vedecká literatúra pôvodná (slovenská)  |2 lita 
957 |a 710 
958 |a article27 
958 |a SK 
958 |a OND 
958 |a EUIPO 
992 |a RBX 
999 |c 2801002  |d 2802932